[Event "Klatovy op-B"]
[Site "Klatovy"]
[Date "2005.??.??"]
[Round "5"]
[White "Prib, Josef Jr"]
[Black "Durchan, Milan"]
[Result "1/2-1/2"]
[WhiteElo "1835"]
[BlackElo "1700"]
[PlyCount "40"]
[EventDate "2005.07.02"]
[EventType "swiss"]
[EventRounds "9"]
[EventCountry "CZE"]
[SourceTitle "EXT 2006"]
[Source "ChessBase"]
[SourceDate "2005.11.24"]
[SourceVersion "1"]
[SourceVersionDate "2005.11.24"]
[SourceQuality "1"]

1. e4 c6 2. d4 d5 3. exd5 cxd5 4. c4 Nf6 5. Nc3 g6 6. Bg5 Nbd7 7. c5 Bg7 8. Nf3 0-0 9. Bd3 a6 10. 0-0 Nb8 11. Qd2 Nc6 12. Bh6 Bg4 13. Bxg7 Kxg7 14. Ne5 Nxe5 15. dxe5 Nd7 16. Qf4 Nxc5 17. Qxg4 Nxd3 18. Qd4 Nxb2 19. e6+ Kg8 20. Rab1 Nc4 1/2-1/2

[Event "Klatovy op-B"]
[Site "Klatovy"]
[Date "2005.??.??"]
[Round "7"]
[White "Prib, Josef Jr"]
[Black "Lexa, Vaclav"]
[Result "1/2-1/2"]
[WhiteElo "1835"]
[BlackElo "1820"]
[PlyCount "53"]
[EventDate "2005.07.02"]
[EventType "swiss"]
[EventRounds "9"]
[EventCountry "CZE"]
[SourceTitle "EXT 2006"]
[Source "ChessBase"]
[SourceDate "2005.11.24"]
[SourceVersion "1"]
[SourceVersionDate "2005.11.24"]
[SourceQuality "1"]

1. e4 c5 2. c3 d5 3. exd5 Qxd5 4. d4 Nc6 5. Nf3 Bg4 6. Be2 e6 7. 0-0 Nf6 8. Be3 cxd4 9. Nxd4 Bxe2 10. Qxe2 a6 11. Nxc6 Qxc6 12. Nd2 Bd6 13. Qc4 Qxc4 14. Nxc4 Bc7 15. Bd4 Nh5 16. g3 0-0 17. Bb6 Rac8 18. Rad1 Nf6 19. Bxc7 Rxc7 20. Ne3 Rfc8 21. c4 Kf8 22. Rd3 Ke7 23. Re1 Rd7 24. Nf5+ Kd8 25. Rxd7+ Kxd7 26. Rd1+ Kc7 27. Nd6 1/2-1/2

[Event "CZE-ch14 sf01 corr"]
[Site "Czechia"]
[Date "2004.05.04"]
[Round "?"]
[White "Prib, Josef Jr"]
[Black "Zahour, Jiri"]
[Result "1/2-1/2"]
[WhiteElo "2100"]
[BlackElo "2160"]
[PlyCount "80"]
[EventDate "2003.??.??"]
[EventType "tourn (corr)"]
[EventRounds "14"]
[EventCountry "CZE"]
[SourceTitle "Corr 2006"]
[Source "ChessBase"]
[SourceDate "2006.04.01"]
[SourceVersion "3"]
[SourceVersionDate "2006.04.01"]
[SourceQuality "1"]

1. c4 Nf6 2. Nf3 e6 3. g3 d5 4. cxd5 exd5 5. Bg2 Be7 6. 0-0 0-0 7. d4 Bf5 8. Nc3 c6 9. Bf4 Nbd7 10. Qb3 Qb6 11. Qxb6 Nxb6 12. Rac1 h6 13. Rfe1 g5 14. Bd2 Nc4 15. Nd1 Bh7 16. Bc3 Ne4 17. Ne5 Nxc3 18. Nxc3 Nxe5 19. dxe5 f6 20. exf6 Bxf6 21. e3 Rae8 22. Re2 Kg7 23. Rd2 Bf5 24. h3 h5 25. Ne2 Kh6 26. Nd4 Bg6 27. b4 Be7 28. a3 Rf6 29. Rc3 a6 30. Nb3 Bd6 31. Na5 Be5 32. Rc1 Re7 33. Nb3 g4 34. h4 Kg7 35. a4 Bd6 36. Nc5 Be5 37. a5 Rff7 38. Bh1 Bd6 39. Bg2 Rf6 40. Bh1 Kh6 1/2-1/2

[Event "CZE-ch14 sf01 corr"]
[Site "Czechia"]
[Date "2004.04.05"]
[Round "?"]
[White "Struzka, Vlastimil"]
[Black "Prib, Josef Jr"]
[Result "1-0"]
[WhiteElo "2165"]
[BlackElo "2100"]
[PlyCount "85"]
[EventDate "2003.??.??"]
[EventType "tourn (corr)"]
[EventRounds "14"]
[EventCountry "CZE"]
[SourceTitle "Corr 2006"]
[Source "ChessBase"]
[SourceDate "2006.04.01"]
[SourceVersion "3"]
[SourceVersionDate "2006.04.01"]
[SourceQuality "1"]

1. d4 Nf6 2. c4 g6 3. Nc3 Bg7 4. Nf3 d6 5. Bg5 0-0 6. e3 Nbd7 7. Bd3 e5 8. 0-0 Re8 9. Qc2 c6 10. Rfe1 h6 11. Bh4 g5 12. Bg3 Nh5 13. Ne2 Qe7 14. Bh7+ Kh8 15. Bf5 e4 16. Nd2 Ndf6 17. Bxc8 Raxc8 18. Qa4 b6 19. Rac1 Nxg3 20. Nxg3 d5 21. Nf5 Qd7 22. Nxg7 Kxg7 23. Qa6 c5 24. dxc5 Rxc5 25. b4 Rc6 26. cxd5 Nxd5 27. Qa3 a6 28. Rxc6 Qxc6 29. Rc1 Qd7 30. h3 Qb5 31. Qb2+ Nf6 32. a3 Re6 33. Nb3 Rd6 34. Nd4 Qd7 35. Qe2 b5 36. Rc5 Nd5 37. Qc2 f5 38. g4 fxg4 39. Qxe4 Nf6 40. Qc2 Rxd4 41. exd4 Qxd4 42. Rc7+ Kh8 43. Qc5 1-0

[Event "Prague CC DDM-ch"]
[Site "Prague"]
[Date "2004.??.??"]
[Round "7"]
[White "Prib, Josef Jr"]
[Black "Safranek, David"]
[Result "1-0"]
[WhiteElo "1805"]
[BlackElo "1665"]
[PlyCount "127"]
[EventDate "2004.??.??"]
[EventType "swiss"]
[EventRounds "7"]
[EventCountry "CZE"]
[SourceTitle "EXT 2007"]
[Source "ChessBase"]
[SourceDate "2006.11.23"]
[SourceVersion "1"]
[SourceVersionDate "2006.11.23"]
[SourceQuality "1"]

1. c4 e5 2. Nc3 Nf6 3. g3 d6 4. Bg2 c6 5. Nf3 Be6 6. d3 h6 7. 0-0 Be7 8. b4 0-0 9. a4 Nbd7 10. b5 d5 11. cxd5 cxd5 12. d4 e4 13. Nd2 Rc8 14. Qb3 Qa5 15. Bb2 Bb4 16. Rfc1 Rc7 17. Ndb1 Rfc8 18. Na2 Rxc1+ 19. Bxc1 Bd6 20. Bd2 Qc7 21. Nbc3 Nb6 22. Rc1 Qc4 23. Qxc4 Nxc4 24. Be1 Ba3 25. Rb1 Bd7 26. Nb4 Be6 27. e3 Bxb4 28. Rxb4 Nd7 29. Bf1 Ndb6 30. Bxc4 Rxc4 31. Rxc4 Nxc4 32. Na2 Nb2 33. a5 b6 34. axb6 axb6 35. Bb4 Nd3 36. Bd6 Nb2 37. Nc3 Nc4 38. Bc7 Kf8 39. Kf1 Ke7 40. Ke2 Kd7 41. Bb8 Kc8 42. Bf4 g5 43. Be5 Nxe5 44. dxe5 Kd7 45. Kd2 Kc7 46. Kc2 Kd7 47. Kb2 Kc7 48. Ka3 Kd8 49. Kb4 Kc7 50. Nb1 Bc8 51. Na3 Kd7 52. Kc3 Ke6 53. Kd4 Bb7 54. Nb1 Kf5 55. h3 Ke6 56. Nc3 Bc8 57. Nxd5 Bd7 58. Kxe4 Be8 59. Nc7+ Kd7 60. Nxe8 Kxe8 61. Kd5 Kd7 62. g4 Kc7 63. e6 fxe6+ 64. Kxe6 1-0

[Event "Klatovy op-B"]
[Site "Klatovy"]
[Date "2002.??.??"]
[Round "?"]
[White "Prib, Josef Jr"]
[Black "Svec, Ludek"]
[Result "1-0"]
[WhiteElo "1940"]
[BlackElo "1710"]
[PlyCount "137"]
[EventDate "2002.??.??"]
[EventType "swiss"]
[EventRounds "9"]
[EventCountry "CZE"]
[SourceTitle "EXT 2005"]
[Source "ChessBase"]
[SourceDate "2004.11.15"]
[SourceVersion "1"]
[SourceVersionDate "2004.11.15"]
[SourceQuality "1"]

1. d4 Nf6 2. c4 g6 3. Nc3 d5 4. cxd5 Nxd5 5. e4 Nxc3 6. bxc3 c5 7. Be3 Bg7 8. Bb5+ Bd7 9. Bxd7+ Nxd7 10. Ne2 cxd4 11. Bxd4 0-0 12. 0-0 Qc7 13. Rb1 b6 14. Bxg7 Kxg7 15. Qd4+ Kg8 16. Rfd1 Nc5 17. Qe3 Rad8 18. Rd4 e5 19. Rd5 Rxd5 20. exd5 Rd8 21. c4 f5 22. f3 Nd7 23. Rc1 Qc5 24. Qxc5 Nxc5 25. Rc3 Kf7 26. Kf2 Rc8 27. Ra3 Rc7 28. Nc3 a5 29. Nb5 Rd7 30. Rc3 Kf6 31. Rc2 g5 32. Ke3 h5 33. Rc1 g4 34. Rb1 Ke7 35. Nc3 Rb7 36. Rd1 Nd7 37. Nb5 Nf6 38. Kd3 Nd7 39. Kc3 Nc5 40. Re1 Nd7 41. f4 e4 42. Kd4 Nc5 43. g3 Rd7 44. Rb1 Kf6 45. Nc3 Rb7 46. Ne2 Nd3 47. a3 Nc5 48. Nc1 a4 49. Kc3 Ke7 50. Ne2 Nd3 51. Nd4 Kf6 52. Nc6 Nc5 53. Kb4 h4 54. Kc3 hxg3 55. hxg3 Kg6 56. Ne5+ Kg7 57. Kb4 Kg8 58. Ng6 Kf7 59. Nh4 Kf6 60. Rh1 e3 61. Kc3 Ne4+ 62. Kd4 Nxg3 63. Rb1 e2 64. Ng2 Ne4 65. Rb2 Ng3 66. Kd3 Ke7 67. c5 Rd7 68. d6+ Ke8 69. Rxb6 1-0

[Event "Klatovy op-B"]
[Site "Klatovy"]
[Date "2001.??.??"]
[Round "?"]
[White "Prib, Josef Jr"]
[Black "Dorner, Andreas"]
[Result "1-0"]
[WhiteElo "1940"]
[BlackElo "1780"]
[PlyCount "131"]
[EventDate "2001.07.??"]
[EventType "swiss"]
[EventRounds "9"]
[EventCountry "CZE"]
[SourceTitle "EXT 2006"]
[Source "ChessBase"]
[SourceDate "2005.11.24"]
[SourceVersion "1"]
[SourceVersionDate "2005.11.24"]
[SourceQuality "1"]

1. c4 e6 2. g3 Nf6 3. Bg2 Be7 4. Nc3 0-0 5. Nf3 d5 6. cxd5 exd5 7. d4 Nbd7 8. 0-0 Re8 9. Bg5 h6 10. Bf4 Nf8 11. Ne5 Ne6 12. Qd2 Nxf4 13. Qxf4 Be6 14. Rac1 c6 15. g4 Nh7 16. Qe3 Bd6 17. f4 Bxg4 18. Qg3 Bf5 19. Kh1 Nf6 20. Bf3 Ne4 21. Nxe4 Bxe4 22. Bxe4 dxe4 23. Rg1 Bf8 24. Qh3 Qd6 25. Rg3 Re7 26. Rcg1 Kh7 27. Qf5+ Kg8 28. Qxe4 f6 29. Rg6 Rd8 30. Rxh6 Qd5 31. Qxd5+ Rxd5 32. Ng6 Re8 33. Rh8+ Kf7 34. Rxf8+ Rxf8 35. Nxf8 Kxf8 36. e3 Kf7 37. Rc1 Ke6 38. Kg2 Rd8 39. Kf3 Rh8 40. Rc2 Rh3+ 41. Ke4 Rh5 42. Rg2 f5+ 43. Kd3 Kf6 44. a4 Rh8 45. b4 Rd8 46. Rc2 Rd5 47. Rc5 Ke6 48. Kc4 Rd7 49. Re5+ Kf6 50. b5 cxb5+ 51. axb5 Rc7+ 52. Rc5 Re7 53. Kd3 g6 54. d5 Rh7 55. Rc2 Rd7 56. Kd4 Re7 57. Rb2 Re4+ 58. Kd3 Re7 59. b6 a6 60. Rc2 Rd7 61. Kd4 Ke7 62. Ke5 Rd6 63. Rc7+ Rd7 64. d6+ Kd8 65. Ke6 Rxc7 66. bxc7+ 1-0

[Event "Klatovy op-B"]
[Site "Klatovy"]
[Date "2001.??.??"]
[Round "?"]
[White "Prib, Josef Jr"]
[Black "Kubikova, Alena"]
[Result "1-0"]
[WhiteElo "1940"]
[BlackElo "1755"]
[PlyCount "145"]
[EventDate "2001.07.??"]
[EventType "swiss"]
[EventRounds "9"]
[EventCountry "CZE"]
[SourceTitle "EXT 2006"]
[Source "ChessBase"]
[SourceDate "2005.11.24"]
[SourceVersion "1"]
[SourceVersionDate "2005.11.24"]
[SourceQuality "1"]

1. c4 e5 2. Nc3 Nf6 3. Nf3 d6 4. g3 g6 5. Bg2 Bg7 6. 0-0 0-0 7. d3 Nc6 8. a3 a5 9. Nd2 Be6 10. b3 Nh5 11. e4 Qd7 12. Bb2 f5 13. exf5 Bxf5 14. Nde4 Nf6 15. Qd2 Nd4 16. Nxf6+ Bxf6 17. Qd1 Bg4 18. f3 Be6 19. Ne4 Bg7 20. b4 b5 21. Bxd4 exd4 22. c5 Bd5 23. f4 Bxe4 24. dxe4 dxc5 25. bxc5 c6 26. e5 Kh8 27. Qf3 Rac8 28. Qe4 d3 29. Rfd1 Rfd8 30. Rd2 Bf8 31. Rc1 Qd4+ 32. Qxd4 Rxd4 33. Rc3 Rc4 34. Rdxd3 Rxc5 35. Rxc5 Bxc5+ 36. Kf1 Bf8 37. Bh3 Rc7 38. g4 c5 39. f5 g5 40. Rd8 Kg7 41. f6+ Kf7 42. Bg2 Be7 43. Bd5+ Kg6 44. fxe7 Rxe7 45. Rd6+ Kg7 46. e6 Kf6 47. Rd7 Re8 48. Rxh7 Ke5 49. Bc6 Rxe6 50. Bxb5 Kd4 51. Rh3 c4 52. a4 Re5 53. Rf3 Re4 54. h3 Re7 55. Rf8 Re3 56. Rd8+ Kc3 57. Rc8 Kd2 58. Bxc4 Rxh3 59. Bb5 Rg3 60. Rc4 Re3 61. Rc5 Rg3 62. Rxg5 Ke3 63. Bd7 Rf3+ 64. Kg2 Rf7 65. Bf5 Rb7 66. Rg8 Rb4 67. Bd7 Rd4 68. Re8+ Kf4 69. Rf8+ Ke3 70. Rf3+ Kd2 71. Rf7 Ke3 72. Kg3 Ke4 73. Rf4+ 1-0

[Event "Klatovy op-A"]
[Site "Klatovy"]
[Date "2000.??.??"]
[Round "?"]
[White "Peniska, Pavel"]
[Black "Prib, Josef Jr"]
[Result "1-0"]
[WhiteElo "1850"]
[BlackElo "1950"]
[PlyCount "83"]
[EventDate "2000.??.??"]
[EventType "swiss"]
[EventRounds "9"]
[EventCountry "CZE"]
[SourceTitle "EXT 2003"]
[Source "ChessBase"]
[SourceDate "2002.11.25"]
[SourceVersion "1"]
[SourceVersionDate "2002.11.25"]
[SourceQuality "1"]

1. e4 Nf6 2. e5 Nd5 3. d4 d6 4. c4 Nb6 5. f4 dxe5 6. fxe5 Nc6 7. Be3 Bf5 8. Nc3 e6 9. Be2 Nb4 10. Rc1 c5 11. Nf3 cxd4 12. Nxd4 Bg6 13. a3 Nc6 14. Nxc6 bxc6 15. Qxd8+ Rxd8 16. Bf3 Rc8 17. Ne4 Bxe4 18. Bxe4 c5 19. 0-0 g6 20. Bb7 Rc7 21. Ba6 h6 22. Bb5+ Nd7 23. Rcd1 a6 24. Rxd7 Rxd7 25. Bxd7+ Kxd7 26. Rxf7+ Kc6 27. Ra7 Kb6 28. Rf7 Kc6 29. Kf2 g5 30. Kf3 Rg8 31. Ra7 Kb6 32. Ra8 h5 33. b4 g4+ 34. Ke4 Kb7 35. Re8 g3 36. h3 cxb4 37. axb4 Rh8 38. Bc5 Bxc5 39. Rxh8 Bxb4 40. Rxh5 a5 41. Rh6 a4 42. Kd3 1-0

[Event "Klatovy op-A"]
[Site "Klatovy"]
[Date "2000.??.??"]
[Round "?"]
[White "Prib, Josef Jr"]
[Black "Hollmann, Zdenek"]
[Result "0-1"]
[WhiteElo "1950"]
[BlackElo "2005"]
[PlyCount "134"]
[EventDate "2000.??.??"]
[EventType "swiss"]
[EventRounds "9"]
[EventCountry "CZE"]
[SourceTitle "EXT 2003"]
[Source "ChessBase"]
[SourceDate "2002.11.25"]
[SourceVersion "1"]
[SourceVersionDate "2002.11.25"]
[SourceQuality "1"]

1. d4 f5 2. c4 e6 3. g3 Nf6 4. Bg2 Be7 5. Nc3 d6 6. Nh3 0-0 7. 0-0 c6 8. Nf4 e5 9. dxe5 dxe5 10. Qxd8 Rxd8 11. Nd3 e4 12. Nf4 Na6 13. Rd1 Rxd1+ 14. Nxd1 Nc7 15. b3 Ne6 16. f3 Nxf4 17. Bxf4 exf3 18. exf3 a5 19. a3 Be6 20. Bf1 Ne8 21. Nf2 Rd8 22. Re1 Kf7 23. Bc1 Bf6 24. Kg2 Bc3 25. Rd1 Rxd1 26. Nxd1 Bd4 27. Bb2 Bc5 28. Nf2 Bf8 29. Nd3 Nc7 30. h4 Na6 31. Be2 Nc5 32. Nxc5 Bxc5 33. a4 Be7 34. f4 Bf6 35. Bxf6 Kxf6 36. Bf3 Ke7 37. Kf2 Kd6 38. Ke3 Kc5 39. Kd3 b5 40. axb5 cxb5 41. cxb5 Bxb3 42. Kc3 Ba4 43. b6 Kxb6 44. Bd5 Bd7 45. Bg8 h6 46. Bd5 Kc5 47. Bf3 a4 48. Bd1 a3 49. Bb3 Bc6 50. Bc2 Bd5 51. Bxf5 a2 52. Kb2 Kd4 53. Bg6 Ke3 54. g4 Kxf4 55. g5 hxg5 56. hxg5 Kxg5 57. Be8 Kf4 58. Bg6 Be4 59. Bf7 Bb1 60. Bh5 g5 61. Be2 Be4 62. Kxa2 Bf3 63. Bf1 g4 64. Kb2 Ke3 65. Bc4 g3 66. Bf1 Kf2 67. Bh3 Bg4 0-1

[Event "CZE-ch 254 corr"]
[Site "Czech Republic"]
[Date "1998.??.??"]
[Round "?"]
[White "Macek, Ludvik"]
[Black "Prib, Josef Jr"]
[Result "0-1"]
[WhiteElo "1925"]
[BlackElo "2000"]
[PlyCount "86"]
[EventDate "1998.??.??"]
[EventType "tourn (corr)"]
[EventRounds "14"]
[EventCountry "CZE"]
[SourceTitle "Corr 2002"]
[Source "ChessBase"]
[SourceDate "2002.05.23"]
[SourceVersion "1"]
[SourceVersionDate "2002.05.23"]
[SourceQuality "1"]

1. Nf3 d5 2. d4 Nf6 3. e3 c5 4. c3 e6 5. Ne5 Nc6 6. Bb5 Bd7 7. Nxd7 Qxd7 8. Nd2 cxd4 9. exd4 Bd6 10. 0-0 0-0 11. Re1 Qc7 12. Nf3 Rac8 13. Bd3 h6 14. Bd2 Rfe8 15. g3 a6 16. b3 Red8 17. Qe2 Qa5 18. a4 Qc7 19. Rab1 Re8 20. Ne5 Re7 21. Kh1 Rce8 22. f4 Qb6 23. b4 Rc8 24. b5 axb5 25. axb5 Nb8 26. g4 Nbd7 27. g5 hxg5 28. fxg5 Bxe5 29. dxe5 Ne4 30. Bxe4 dxe4 31. Qxe4 Nc5 32. Qh4 Rd7 33. Be3 Rd3 34. g6 fxg6 35. Bd4 Qa5 36. Rb2 Na4 37. Ra1 Rd1+ 38. Rxd1 Nxb2 39. Qe7 Qa2 40. Qxb7 Rxc3 41. Rg1 Nd3 42. Qb8+ Kh7 43. Qb6 Qd5+ 0-1

[Event "CZE-ch 254 corr"]
[Site "Czech Republic"]
[Date "1998.??.??"]
[Round "?"]
[White "Omelka, Antonin"]
[Black "Prib, Josef Jr"]
[Result "1-0"]
[WhiteElo "2225"]
[BlackElo "2000"]
[PlyCount "77"]
[EventDate "1998.??.??"]
[EventType "tourn (corr)"]
[EventRounds "14"]
[EventCountry "CZE"]
[SourceTitle "Corr 2002"]
[Source "ChessBase"]
[SourceDate "2002.05.23"]
[SourceVersion "1"]
[SourceVersionDate "2002.05.23"]
[SourceQuality "1"]

1. d4 Nf6 2. c4 g6 3. Nc3 Bg7 4. e4 d6 5. f3 0-0 6. Be3 e5 7. d5 Nh5 8. g4 Nf4 9. Qd2 f5 10. gxf5 gxf5 11. 0-0-0 a6 12. exf5 Bxf5 13. Ne4 b5 14. h4 Nd7 15. Ne2 Bxe4 16. fxe4 Nf6 17. Ng3 bxc4 18. Rg1 Qd7 19. Bxc4 Kh8 20. Bd3 Ng4 21. Nf5 Nxe3 22. Qxe3 Bf6 23. Kb1 Rg8 24. Rc1 a5 25. Rxg8+ Rxg8 26. a3 Bd8 27. Rc6 Qe8 28. Bc2 Qh5 29. Qa7 Qf3 30. Ka2 Nxd5 31. Qxa5 Nf6 32. Qb4 Qh5 33. a4 Rg4 34. Qc4 Qe8 35. a5 d5 36. Qb5 dxe4 37. a6 e3 38. Nxe3 Rg8 39. Qb7 1-0

[Event "Klatovy op-A"]
[Site "Klatovy"]
[Date "1998.??.??"]
[Round "?"]
[White "Prib, Josef Jr"]
[Black "Hadac, Pavel Jr"]
[Result "1/2-1/2"]
[WhiteElo "1870"]
[BlackElo "2025"]
[PlyCount "44"]
[EventDate "1998.??.??"]
[EventType "swiss"]
[EventRounds "9"]
[EventCountry "CZE"]
[SourceTitle "EXT 2000"]
[Source "ChessBase"]
[SourceDate "1999.11.16"]
[SourceVersion "1"]
[SourceVersionDate "1999.11.16"]
[SourceQuality "1"]

1. c4 Nf6 2. Nc3 g6 3. g3 Bg7 4. Bg2 c5 5. Nf3 0-0 6. 0-0 Nc6 7. d4 cxd4 8. Nxd4 Nxd4 9. Qxd4 d6 10. Qd3 Rb8 11. Be3 b6 12. Rac1 Bf5 13. Qd1 Ng4 14. Bd2 Qd7 15. h3 Ne5 16. Nd5 Rfc8 17. b3 h5 18. e4 Bxh3 19. Nxe7+ Qxe7 20. Bxh3 Rd8 21. Be3 Nd7 22. f3 Be5 1/2-1/2